Top 200 Drugs by Generic Name Quiz Stats

 Plays Quiz not verified by Sporcle

Score 0/32 Timer 10:00
0 Plays Today
Hint Answer % Correct
AdvilIbuprofen
78.6%
SynthroidLevothyroxine
71.4%
AmoxilAmoxicillin
71.4%
TramadolUltram
66.7%
LipitorAtorvastatin
64.3%
PlavixClopidogrel
64.3%
CrestorRosuvastatin
64.3%
ZithromaxAzithromycin
64.3%
GlucophageMetformin
64.3%
NorcoHydrocodone APAP
57.1%
PrinivilLisinopril
57.1%
ZocorSimvastatin
57.1%
SingulairMontelukast
57.1%
LopressorMetoprolol Tartrate
57.1%
ToprolMetoprolol Succinate
57.1%
ProAir HFAAlbuterol
57.1%
Hint Answer % Correct
ZoloftSertraline
57.1%
LasixFurosemide
57.1%
NexiumEsomeprazole
57.1%
MicrozideHydrochlorothiazide
50%
EsidrixHydrochlorothiazide
50%
AmbienZolpidem
50%
ValsartanDiovan
50%
WarfarinCoumadin
50%
Oxycodone APAPPercocet
50%
QuetiapineSeroquel
50%
LexaproEscitalopram
42.9%
OmeprzolePrilosec
33.3%
TrazodoneDesyrel
33.3%
DuloxetineCymbalta
33.3%
AmiopidineNorvasc
33.3%
PromethazinePhenargan
33.3%

You're not logged in!

Compare scores with friends on all Sporcle quizzes.
OR
Log In

Sporcle TV

Today on Sporcle TV


Watch our educational content, quiz creation guides, and fun videos on Sporcle TV.

Show Comments

Extras

Created Sep 14, 2017ReportNominate
Tags:200, drug, generic, Generic Name, Top 200

Top Quizzes Today


Score Distribution

Your Account Isn't Verified!

In order to create a playlist on Sporcle, you need to verify the email address you used during registration. Go to your Sporcle Settings to finish the process.

Report this User

Report this user for behavior that violates our Community Guidelines.

Details: